Statistics for Largest City to Country #3

Click here to take the quiz!

General Stats

  • This quiz has been taken 50 times
    (30 since last reset)
  • The average score is 11 of 12

Answer Stats

CityCountry% Correct
TorontoCanada
100%
ParisFrance
100%
DelhiIndia
100%
MoscowRussia
100%
IstanbulTurkey
100%
Buenos AiresArgentina
100%
DublinIreland
100%
DubaiUnited Arab Emirates
96%
MogadishuSomalia
86%
Port MoresbyPapua New Guinea
79%
LusakaZambia
79%
SchaanLiechtenstein
50%

Score Distribution

Percentile by Number Answered

Percent of People with Each Score

Your Score History

You have not taken this quiz since the last reset